Statistics for Africa Capitals

Click here to take the quiz!

General Stats

  • This quiz has been taken 17 times
    (6 since last reset)
  • The average score is 31 of 54

Answer Stats

HintAnswer% Correct
AlgeriaAlgiers
100%
MoroccoRabat
100%
MadagascarAntananarivo
83%
EgyptCairo
83%
DjiboutiDjibouti
83%
AngolaLuanda
83%
ChadN'Djamena
83%
NigerNiamey
83%
Burkina FasoOuagadougou
83%
Sao Tome and PrincipeSao Tome
83%
LibyaTripoli
83%
TunisiaTunis
83%
EthiopiaAddis Ababa
67%
Guinea BissauBissau
67%
Republic of the CongoBrazzaville
67%
SenegalDakar
67%
ZimbabweHarare
67%
South SudanJuba
67%
Democratic Republic of the CongoKinshasa
67%
MalawiLilongwe
67%
TogoLome
67%
SomaliaMogadishu
67%
LiberiaMonrovia
67%
ComorosMoroni
67%
KenyaNairobi
67%
MauritiusPort Louis
67%
BeninPorto-Novo
67%
Cape VerdePraia
67%
SeychellesVictoria
67%
NamibiaWindhoek
67%
CameroonYaounde
67%
NigeriaAbuja
50%
GhanaAccra
50%
MaliBamako
50%
Central African RepublicBangui
50%
GambiaBanjul
50%
TanzaniaDodoma
50%
Sierra LeoneFreetown
50%
BotswanaGaborone
50%
BrundiGitega
50%
RwandaKigali
50%
GabonLibreville
50%
ZambiaLusaka
50%
MozambiqueMaputo
50%
MauritaniaNouakchott
50%
EritreaAsmara
33%
GuineaConakry
33%
UgandaKampala
17%
SudanKhartoum
17%
Equatorial GuineaMalabo or Oyala
0%
LesothoMaseru
0%
EswatiniMbabane or Lobamba
0%
South AfricaPretoria or Bloemfontein, or Cape Town
0%
Ivory CoastYammasoukro
0%

Score Distribution

Percentile by Number Answered

Percent of People with Each Score

Your Score History

You have not taken this quiz since the last reset